000 00482nam a2200157 4500
001 144620
003 ES-MaACL
005 20230906201048.0
007 t|
008 070214s1969 sp r ||||1| spa d
100 1 _aSmith, Agueda.
_9106845
245 1 0 _aDesarrollad vuestra personalidad
_b: manual psicológico práctico /
_cAgueda Smith.
260 _aBarcelona :
_bDe Vecchi,
_c1969 (
_eTarrasa :
_fVimasa)
300 _a159 p. ;
_c19 cm.
852 _aES-MaACL
_jC-50980
_bR.71212
999 _c144620
_d144620